| 000 | 00000nas 2200000za 4500 |
| 001 | 9.819420 |
| 003 | CaOODSP |
| 005 | 20221107142944 |
| 007 | cr ||||||||||| |
| 008 | 160614d19651987oncar p oss f000#a0eng|d |
| 022 | |y0575-8262 |
| 040 | |aCaOODSP|beng |
| 041 | |aeng|afre |
| 043 | |an-cn--- |
| 086 | 1 |aCS61-207-PDF |
| 245 | 00|aCorporation financial statistics |h[electronic resource] / |cDominion Bureau of Statistics, Corporations and Labour Unions Returns Division = Statistique financière des sociétés / Bureau fédéral de la statistique, Division des déclarations des corporations et des syndicats ouvriers. |
| 246 | 11|aStatistique financière des sociétés |
| 260 | |a[Ottawa] : |bDominion Bureau of Statistics = Bureau fédéral de la statistique, |c1968-1990. |
| 310 | |aAnnual |
| 362 | 0 |a1965-1987. |
| 500 | |aDigitized edition from print [produced by Statistics Canada]. |
| 500 | |aIssue for 1987 has errata. |
| 546 | |aText in English and French. |
| 550 | |aIssued 1965-1968 by Corporations and Labour Unions Returns Division; 1969 by Statistics Canada, Corporations and Labour Unions Returns Division; 1970-1976 by Business Finance Division; 1977-1987 by Financial, Taxation and General Research Section. |
| 580 | |aContinues a part of: Taxation statistics. |
| 692 | 07|2gccst|aCorporations |
| 692 | 07|2gccst|aFinance |
| 710 | 1 |aCanada. |bDominion Bureau of Statistics.|bCorporations and Labour Unions Returns Division. |
| 710 | 2 |aStatistics Canada.|bCorporations and Labour Unions Returns Division. |
| 710 | 2 |aStatistics Canada.|bFinancial, Taxation and General Research Section. |
| 710 | 1 |aCanada. |bStatistics Canada. |bBusiness Finance Division. |
| 792 | |tCorporation financial statistics |efre|w(CaOODSP)9.819425 |